The Cambridge companion to Freud
Saved in:
| Other Authors: | |
|---|---|
| Format: | Book |
| Language: | English |
| Published: |
Cambridge :
Cambridge University Press,
1992
|
| Series: | Cambridge companions to philosophy
|
| Subjects: | |
| Tags: |
Add Tag
No Tags, Be the first to tag this record!
|
MARC
| LEADER | 00000nam a2200000 i 4500 | ||
|---|---|---|---|
| 001 | 1/92318 | ||
| 008 | 940110s1992 eng d | ||
| 020 | |a 0-521-37779-X | ||
| 035 | |l 10008427 | ||
| 040 | |a GR-MY-UA |b gre |e aacr | ||
| 041 | 0 | |a eng | |
| 082 | 0 | |a 150.1952 | |
| 245 | 1 | 4 | |a The Cambridge companion to Freud / |c Edited by Jerome Neu |
| 260 | |a Cambridge : |b Cambridge University Press, |c 1992 | ||
| 300 | |a 356 p. | ||
| 490 | 1 | |a Cambridge companions to philosophy | |
| 504 | |a Includes bibliographical references and index | ||
| 600 | 1 | 0 | |a Freud, Sigmund, |d 1856-1939. |
| 700 | 1 | |a Neu, Jerome. |4 edt | |
| 830 | 0 | |a Cambridge companions to philosophy | |
| 852 | |a INST |b LESVOS |e 19940110 |h 150.1952 CAM |p 005100003526 |q 005100003526 |t BK |y 0 | ||
| 909 | |a Λ |b 033199 | ||